000 00698nam a2200229Ia 4500
003 OSt
005 20221005133802.0
006 a|||||r|||| 00| 0
007 ta
008 221004b |||||||| |||| 00| 0 pan d
024 _a27798
037 _cTextual
040 _aCRL
_cCRL
_bpan
041 _2pan
_apan
082 _aO153v, N8.1-.3
100 _aਜੱਗੀ, ਰਤਨ ਸਿੰਘ
245 0 _aਪੰਜਾਬੀ ਸਾਹਿੱਤ ਦਾ ਸਰੋਤ - ਮੂਲਕ ਇਤਿਹਾਸ
260 _c1998
650 _aਪੰਜਾਬੀ ਸਾਹਿਤ
942 _hO153v, N8.1-.3
_cTEXL
_2cc
999 _c1067882
_d1067882